00334nam a2200109Ia 4500008004100000041000800041100002100049245007200070260004500142300000900187700002800196250110s9999 xx 000 0 und d aeng aPanchpor Veidehi aDeveloing An Existing Village The Ogbc Green Villoage Rating System bBNCA M Arch Landscape Architecturec2022 a131p aGuide Name:karve sujata